[Event "HUN-chT2 Asztalos 1819"]
[Site "Hungary"]
[Date "2019.03.31"]
[Round "8.10"]
[White "Csordas, Peter"]
[Black "Miovecz, Adam"]
[Result "1/2-1/2"]
[WhiteElo "1776"]
[BlackElo "1725"]
[PlyCount "49"]
[EventDate "2018.10.28"]
[EventType "team-tourn"]
[EventRounds "9"]
[EventCountry "HUN"]
[SourceTitle "EXT 2021"]
[Source "ChessBase"]
[SourceDate "2020.10.23"]
[SourceVersion "1"]
[SourceVersionDate "2020.10.23"]
[SourceQuality "1"]
[WhiteTeam "Sarosd"]
[BlackTeam "Kaposvar Bastya"]
[WhiteTeamCountry "HUN"]
[BlackTeamCountry "HUN"]

1. e3 d5 2. d4 Nf6 3. c4 Bf5 4. Nc3 e6 5. Nf3 Nbd7 6. Qb3 dxc4 7. Bxc4 Nb6 8. Be2 Bd6 9. a4 Qc8 10. Nb5 Be7 11. Bd2 Nbd5 12. Nh4 Bg6 13. Nxg6 hxg6 14. f3 c6 15. Na3 Qb8 16. g3 Bd6 17. Kf2 e5 18. e4 Nb6 19. Nc2 exd4 20. Nxd4 Bc5 21. Be3 Qe5 22. a5 Bxd4 23. axb6 Bxe3+ 24. Qxe3 a6 25. Qc3 1/2-1/2

[Event "HUN-chT2 Asztalos 1819"]
[Site "Hungary"]
[Date "2019.03.10"]
[Round "7.9"]
[White "Csordas, Peter"]
[Black "Marosvolgyi, Ferenc"]
[Result "1/2-1/2"]
[WhiteElo "1776"]
[BlackElo "1835"]
[PlyCount "31"]
[EventDate "2018.10.28"]
[EventType "team-tourn"]
[EventRounds "9"]
[EventCountry "HUN"]
[SourceTitle "CBM 189 Extra"]
[Source "ChessBase"]
[SourceDate "2019.06.03"]
[SourceVersion "1"]
[SourceVersionDate "2019.06.03"]
[SourceQuality "1"]
[WhiteTeam "Sarosd"]
[BlackTeam "Marcali"]
[WhiteTeamCountry "HUN"]
[BlackTeamCountry "HUN"]

1. e4 d6 2. d4 g6 3. Nf3 Bg7 4. Bc4 Nf6 5. Nc3 0-0 6. 0-0 a6 7. h3 b5 8. Bd3 Bb7 9. a3 Nbd7 10. Re1 c5 11. d5 h6 12. Bf1 Kh7 13. Nh2 Qc7 14. f3 Rac8 15. Be3 Ng8 16. Qd2 1/2-1/2

[Event "HUN-chT2 Asztalos 1617"]
[Site "Hungary"]
[Date "2016.11.13"]
[Round "4.9"]
[White "Csordas, Peter"]
[Black "Mezei, Szilard"]
[Result "0-1"]
[WhiteElo "1707"]
[BlackElo "1865"]
[PlyCount "82"]
[EventDate "2016.09.25"]
[EventType "team-tourn"]
[EventRounds "11"]
[EventCountry "HUN"]
[SourceTitle "EXT 2021"]
[Source "ChessBase"]
[SourceDate "2020.10.23"]
[SourceVersion "1"]
[SourceVersionDate "2020.10.23"]
[SourceQuality "1"]
[WhiteTeam "Sarosd"]
[BlackTeam "Kiraly Sakk"]
[WhiteTeamCountry "HUN"]
[BlackTeamCountry "HUN"]

1. e4 e5 2. Nf3 Nf6 3. Nxe5 d6 4. Nf3 Nxe4 5. Be2 Be7 6. d3 Nf6 7. b3 0-0 8. Bb2 Bf5 9. Nbd2 d5 10. 0-0 c5 11. Re1 Nc6 12. Nf1 d4 13. Ng3 Bg6 14. Nh4 Re8 15. Nxg6 hxg6 16. Bf3 Nd5 17. Qd2 Qd7 18. Ne4 Ne5 19. Be2 f5 20. Ng5 f4 21. Nf3 Nc6 22. h3 Bd8 23. Nh2 Ba5 24. Bg4 Bxd2 25. Bxd7 Rxe1+ 26. Rxe1 Bxe1 27. Be6+ Kf8 28. Bxd5 Re8 29. Nf3 Re2 30. Kf1 Rxc2 31. Bxd4 Nxd4 32. Nxd4 cxd4 33. Kxe1 b6 34. a4 Ke7 35. g3 fxg3 36. fxg3 Rh2 37. h4 Kf6 38. Kf1 g5 39. hxg5+ Kxg5 40. Bg2 Kg4 41. Kf2 a5 0-1

[Event "HUN-chT2 Asztalos 1516"]
[Site "Hungary"]
[Date "2015.11.29"]
[Round "5.10"]
[White "Csordas, Peter"]
[Black "Vuity, Janos"]
[Result "1/2-1/2"]
[WhiteElo "1617"]
[BlackElo "1846"]
[PlyCount "34"]
[EventDate "2015.09.13"]
[EventType "team-tourn"]
[EventRounds "11"]
[EventCountry "HUN"]
[SourceTitle "CBM 170 Extra"]
[Source "ChessBase"]
[SourceDate "2016.02.25"]
[SourceVersion "1"]
[SourceVersionDate "2016.02.25"]
[SourceQuality "1"]
[WhiteTeam "Sarosd"]
[BlackTeam "Baja Spartacus"]
[WhiteTeamCountry "HUN"]
[BlackTeamCountry "HUN"]

1. d4 Nf6 2. c4 g6 3. Nc3 d5 4. cxd5 Nxd5 5. Nxd5 Qxd5 6. e3 Bg7 7. Ne2 0-0 8. Nc3 Qd6 9. Be2 c6 10. 0-0 Nd7 11. Qc2 Nf6 12. Rd1 Nd5 13. Bd2 Nxc3 14. Bxc3 Be6 15. a3 Rad8 16. Rac1 a5 17. Qd2 Qc7 1/2-1/2